[Event "Mexican op 61st"]
[Site "Monterrey"]
[Date "2015.04.01"]
[Round "2"]
[White "Macieja, Bartlomiej"]
[Black "Larrua Gonzalez, Fernando Oscar"]
[Result "1-0"]
[WhiteElo "2601"]
[BlackElo "2312"]
[PlyCount "99"]
[EventDate "2015.03.31"]
[EventType "swiss"]
[EventRounds "9"]
[EventCountry "MEX"]
[SourceTitle "CBM 165 Extra"]
[Source "ChessBase"]
[SourceDate "2015.04.21"]
[SourceVersion "1"]
[SourceVersionDate "2015.04.21"]
[SourceQuality "1"]

1. Nf3 d5 2. d4 Nf6 3. c4 c6 4. Qb3 e6 5. Nc3 Nbd7 6. Bf4 Be7 7. cxd5 exd5 8. h3 0-0 9. e3 Re8 10. Bd3 Nf8 11. 0-0 Ng6 12. Bh2 Bd6 13. Bxd6 Qxd6 14. Rab1 Qe7 15. Qa3 Ne4 16. Qxe7 Rxe7 17. Rfc1 Bf5 18. b4 Nxc3 19. Rxc3 Bxd3 20. Rxd3 Rc7 21. Rc3 Rac8 22. b5 cxb5 23. Rxc7 Rxc7 24. Rxb5 Ne7 25. Ne5 f6 26. Nd3 b6 27. a4 Rc3 28. Nf4 Ra3 29. Nxd5 Nxd5 30. Rxd5 Rxa4 31. Rd8+ Kf7 32. Rd7+ Ke6 33. Rxg7 a5 34. Rxh7 Ra1+ 35. Kh2 a4 36. h4 b5 37. Rb7 Rb1 38. Ra7 Kf5 39. h5 Kg5 40. g4 Rb3 41. Rg7+ Kh6 42. Rg6+ Kh7 43. Rxf6 a3 44. g5 Rb4 45. Rf7+ Kg8 46. g6 Ra4 47. h6 Ra8 48. h7+ Kh8 49. g7+ Kxh7 50. Rf8 1-0

[Event "Capablanca Memorial op-A 48th"]
[Site "Havana"]
[Date "2013.05.01"]
[Round "10"]
[White "Bacallao Alonso, Yusnel"]
[Black "Larrua Gonzalez, Fernando Oscar"]
[Result "1/2-1/2"]
[WhiteElo "2542"]
[BlackElo "2295"]
[PlyCount "20"]
[EventDate "2013.04.21"]
[EventType "swiss"]
[EventRounds "10"]
[EventCountry "CUB"]
[SourceTitle "CBM 154 Extra"]
[Source "ChessBase"]
[SourceDate "2013.06.25"]
[SourceVersion "2"]
[SourceVersionDate "2013.06.25"]
[SourceQuality "1"]

1. e4 e5 2. Nf3 Nc6 3. Bc4 Bc5 4. c3 Nf6 5. d3 a6 6. Nbd2 0-0 7. Bb3 Ba7 8. 0-0 h6 9. h3 d6 10. Re1 Be6 1/2-1/2

[Event "Capablanca Memorial op-A 48th"]
[Site "Havana"]
[Date "2013.04.27"]
[Round "6"]
[White "Guerra Tulcan, Lenin"]
[Black "Larrua Gonzalez, Fernando Oscar"]
[Result "1/2-1/2"]
[WhiteElo "2372"]
[BlackElo "2295"]
[PlyCount "108"]
[EventDate "2013.04.21"]
[EventType "swiss"]
[EventRounds "10"]
[EventCountry "CUB"]
[SourceTitle "CBM 154 Extra"]
[Source "ChessBase"]
[SourceDate "2013.06.25"]
[SourceVersion "2"]
[SourceVersionDate "2013.06.25"]
[SourceQuality "1"]

1. e4 c5 2. Nf3 Nc6 3. d4 cxd4 4. Nxd4 Nf6 5. Nc3 d6 6. Be2 e5 7. Nf3 h6 8. 0-0 Be7 9. b3 Be6 10. Bb2 0-0 11. Re1 a6 12. a4 Rc8 13. h3 Nb4 14. Bf1 Qc7 15. Nd2 Rfd8 16. Nc4 d5 17. exd5 Nfxd5 18. Nxd5 Rxd5 19. Qe2 Nc6 20. Nxe5 Nxe5 21. Bxe5 Qxc2 22. Qf3 Rd7 23. Qg3 Bf8 24. Re3 Rd1 25. Rxd1 Qxd1 26. Rd3 Qc2 27. Qh4 Bf5 28. Rg3 Qe4 29. Qxe4 Bxe4 30. Bc4 Rd8 31. Kf1 Bd5 32. Bxd5 Rxd5 33. Bc3 Rd6 34. Ke2 f6 35. Rd3 Kf7 36. Rxd6 Bxd6 37. Kd3 Ke6 38. Kc4 h5 39. b4 b6 40. Bd4 Bc7 41. b5 a5 42. g4 hxg4 43. hxg4 g6 44. f3 Bd8 45. Bg1 Bc7 46. Bf2 Bd8 47. f4 f5 48. gxf5+ gxf5 49. Be3 Bc7 50. Bd4 Bd8 51. Be5 Be7 52. Bb8 Bd6 53. Bxd6 Kxd6 54. Kd4 Ke6 1/2-1/2

[Event "Capablanca Memorial op-A 48th"]
[Site "Havana"]
[Date "2013.04.23"]
[Round "3"]
[White "Larrua Gonzalez, Fernando Oscar"]
[Black "Alvarez, Roberto Gabriel"]
[Result "1-0"]
[WhiteElo "2295"]
[BlackElo "2400"]
[PlyCount "85"]
[EventDate "2013.04.21"]
[EventType "swiss"]
[EventRounds "10"]
[EventCountry "CUB"]
[SourceTitle "CBM 154 Extra"]
[Source "ChessBase"]
[SourceDate "2013.06.25"]
[SourceVersion "2"]
[SourceVersionDate "2013.06.25"]
[SourceQuality "1"]

1. e4 e6 2. d4 d5 3. Nc3 Nf6 4. e5 Nfd7 5. f4 c5 6. Nf3 Nc6 7. Be3 cxd4 8. Nxd4 Nxd4 9. Bxd4 Bc5 10. Bxc5 Nxc5 11. Qd4 Qb6 12. Nb5 0-0 13. b4 Ne4 14. a4 Bd7 15. a5 Qxd4 16. Nxd4 Rfc8 17. Bd3 Nc3 18. Kd2 a6 19. Ra3 Nb5 20. Bxb5 Bxb5 21. Rc3 Rxc3 22. Kxc3 Rc8+ 23. Kd2 Bd7 24. Re1 Rf8 25. Re3 Rc8 26. Rc3 Kf8 27. Rxc8+ Bxc8 28. b5 Ke7 29. Kc3 Kd7 30. Kb4 Kd8 31. Kc5 Kc7 32. g4 Bd7 33. b6+ Kd8 34. Kd6 g6 35. g5 Ba4 36. h3 Bd7 37. Nb3 Ba4 38. Nc5 Bxc2 39. Nxb7+ Kc8 40. Nc5 d4 41. b7+ Kb8 42. Kc6 Ka7 43. Kc7 1-0

[Event "Capablanca Memorial op-A 48th"]
[Site "Havana"]
[Date "2013.04.21"]
[Round "1"]
[White "Larrua Gonzalez, Fernando Oscar"]
[Black "Almeida Quintana, Omar"]
[Result "0-1"]
[WhiteElo "2295"]
[BlackElo "2483"]
[PlyCount "76"]
[EventDate "2013.04.21"]
[EventType "swiss"]
[EventRounds "10"]
[EventCountry "CUB"]
[SourceTitle "CBM 154 Extra"]
[Source "ChessBase"]
[SourceDate "2013.06.25"]
[SourceVersion "2"]
[SourceVersionDate "2013.06.25"]
[SourceQuality "1"]

1. e4 d5 2. exd5 Qxd5 3. Nc3 Qa5 4. d4 Nf6 5. Nf3 Bf5 6. Ne5 c6 7. Bc4 e6 8. 0-0 Nbd7 9. Qe2 Bb4 10. Nxd7 Kxd7 11. Bd2 Rad8 12. a3 Bxc3 13. Bxc3 Qc7 14. f3 h5 15. Rac1 Kc8 16. Qe5 Qxe5 17. dxe5 Nd5 18. Bxd5 Rxd5 19. h4 Rhd8 20. Kf2 Kc7 21. Ke3 Rc5 22. Rfd1 Rxd1 23. Rxd1 Bxc2 24. Rd2 Bg6 25. Kf4 b6 26. g4 Rd5 27. Rxd5 exd5 28. Kg5 hxg4 29. fxg4 Kd7 30. h5 Bc2 31. e6+ Kxe6 32. Bxg7 c5 33. Bc3 d4 34. Bd2 f5 35. gxf5+ Bxf5 36. Kf4 Bc2 37. Be1 Kd5 38. Kf3 Bd1+ 0-1

[Event "Capablanca Memorial op-A 46th"]
[Site "Havana"]
[Date "2011.05.21"]
[Round "10"]
[White "Larrua Gonzalez, Fernando Oscar"]
[Black "Ynojosa Aponte, Felix Jose"]
[Result "1-0"]
[WhiteElo "2316"]
[BlackElo "2255"]
[PlyCount "87"]
[EventDate "2011.05.11"]
[EventType "swiss"]
[EventRounds "10"]
[EventCountry "CUB"]
[SourceTitle "CBM 142 Extra"]
[Source "ChessBase"]
[SourceDate "2011.06.27"]
[SourceVersion "1"]
[SourceVersionDate "2011.06.27"]
[SourceQuality "1"]

1. d4 Nf6 2. Nf3 e6 3. c4 b6 4. g3 Bb7 5. Bg2 c5 6. d5 exd5 7. Nh4 g6 8. Nc3 Bg7 9. 0-0 0-0 10. Bg5 h6 11. Bxf6 Qxf6 12. Nxd5 Bxd5 13. Qxd5 Nc6 14. Qxd7 Ne5 15. Qa4 Rad8 16. Rad1 g5 17. Nf3 Ng6 18. h3 Qxb2 19. Rxd8 Rxd8 20. Qxa7 Qxe2 21. Qxb6 Rd1 22. Rxd1 Qxd1+ 23. Kh2 Bf8 24. Qb2 Qd3 25. a4 Qxc4 26. a5 Qa6 27. Qa2 Bd6 28. Nd2 Bc7 29. Nc4 Ne7 30. Qa4 Kf8 31. Qd7 Qa7 32. Kh1 Bb8 33. Bb7 Ng6 34. a6 Ne5 35. Qd8+ Kg7 36. Nd6 Bxd6 37. Qxd6 Nc4 38. Qd5 Na5 39. Qe5+ Kg8 40. Qe8+ Kg7 41. Qb5 c4 42. Qxa5 Qxf2 43. a7 Qxg3 44. Bg2 1-0

[Event "Havana Province-ch 1st Cat"]
[Site "Havana"]
[Date "2010.10.24"]
[Round "6"]
[White "Morales Romero, Pedro"]
[Black "Larrua Gonzalez, Fernando Oscar"]
[Result "1/2-1/2"]
[WhiteElo "2390"]
[BlackElo "2327"]
[PlyCount "95"]
[EventDate "2010.10.19"]
[EventType "tourn"]
[EventRounds "17"]
[EventCountry "CUB"]
[EventCategory "5"]
[SourceTitle "EXT 2019"]
[Source "ChessBase"]
[SourceDate "2018.10.10"]
[SourceVersion "1"]
[SourceVersionDate "2018.10.10"]
[SourceQuality "1"]

1. e4 e5 2. Nf3 Nc6 3. Bb5 a6 4. Ba4 Nf6 5. 0-0 b5 6. Bb3 Bc5 7. c3 d6 8. d4 Bb6 9. a4 Rb8 10. axb5 axb5 11. h3 0-0 12. Re1 h6 13. Be3 Bb7 14. dxe5 Nxe5 15. Bxb6 Nxf3+ 16. Qxf3 cxb6 17. Nd2 Re8 18. Qd3 Qd7 19. Re3 Re7 20. Qd4 Qc6 21. Bd5 Qc5 22. Bxb7 Rbxb7 23. Ra8+ Kh7 24. Qd3 g6 25. b4 Qc6 26. Nf3 Rbd7 27. Ra1 Qc4 28. Qd4 Qxd4 29. Nxd4 Rxe4 30. Rxe4 Nxe4 31. Nxb5 Nd2 32. Ra8 Kg7 33. Rc8 d5 34. Rc7 Rxc7 35. Nxc7 d4 36. cxd4 Nb3 37. d5 Kf6 38. d6 Nd4 39. b5 Nf5 40. d7 Ke7 41. Nd5+ Kd8 42. Nxb6 Nd6 43. Kh2 Nxb5 44. Kg3 Nd4 45. Kf4 Nc6 46. h4 Kc7 47. Nd5+ Kxd7 48. h5 1/2-1/2

[Event "Capablanca Memorial op 45th"]
[Site "Havana"]
[Date "2010.06.17"]
[Round "7"]
[White "Larrua Gonzalez, Fernando Oscar"]
[Black "Gutierrez Salazar, Leonela"]
[Result "0-1"]
[WhiteElo "2310"]
[BlackElo "2000"]
[PlyCount "64"]
[EventDate "2010.06.10"]
[EventType "swiss"]
[EventRounds "10"]
[EventCountry "CUB"]
[SourceTitle "CBM 137 Extra"]
[Source "ChessBase"]
[SourceDate "2010.09.01"]
[SourceVersion "1"]
[SourceVersionDate "2010.09.01"]
[SourceQuality "1"]

1. e4 c5 2. Nf3 d6 3. d4 cxd4 4. Nxd4 Nf6 5. Nc3 a6 6. Bg5 e6 7. f4 Nc6 8. e5 h6 9. Bh4 g5 10. fxg5 Nd5 11. Nxc6 bxc6 12. Ne4 Qb6 13. Bd3 Qxb2 14. 0-0 hxg5 15. Bg3 dxe5 16. Qf3 f5 17. Rab1 Qd4+ 18. Bf2 fxe4 19. Bxe4 Qd2 20. Bg6+ Kd7 21. g3 Be7 22. Rfd1 Rf8 23. Be8+ Kc7 24. Bb6+ Kb7 25. Bc5+ Kc7 26. Bb6+ Kb7 27. Ba5+ Ka7 28. Bxd2 Rxf3 29. Kg2 g4 30. Bxc6 Rb8 31. h3 Rxb1 32. Rxb1 Bc5 0-1

[Event "Capablanca Memorial op 45th"]
[Site "Havana"]
[Date "2010.06.16"]
[Round "6"]
[White "Borges Feria, Yasel"]
[Black "Larrua Gonzalez, Fernando Oscar"]
[Result "1-0"]
[WhiteElo "2426"]
[BlackElo "2310"]
[PlyCount "87"]
[EventDate "2010.06.10"]
[EventType "swiss"]
[EventRounds "10"]
[EventCountry "CUB"]
[SourceTitle "CBM 137 Extra"]
[Source "ChessBase"]
[SourceDate "2010.09.01"]
[SourceVersion "1"]
[SourceVersionDate "2010.09.01"]
[SourceQuality "1"]

1. Nf3 Nf6 2. b3 b6 3. g3 Bb7 4. Bg2 e6 5. 0-0 Be7 6. Bb2 0-0 7. d3 d5 8. Nbd2 Nbd7 9. c4 c5 10. cxd5 exd5 11. Nh4 Re8 12. e4 Bf8 13. Re1 Qc7 14. f4 dxe4 15. dxe4 Rad8 16. Qc2 c4 17. bxc4 Qc5+ 18. Kh1 Ng4 19. Bf3 Ndf6 20. Bxf6 Nxf6 21. Nb3 Qc8 22. e5 Bxf3+ 23. Nxf3 Qc6 24. Kg2 Bb4 25. Re2 Ng4 26. Qe4 Qxe4 27. Rxe4 Rd3 28. Rd4 Rxd4 29. Nfxd4 Bc3 30. Rc1 Bxd4 31. Nxd4 Rd8 32. c5 bxc5 33. Rxc5 g6 34. Nf3 Rd5 35. Rc8+ Kg7 36. Rc7 Ra5 37. e6 Rxa2+ 38. Kh3 h5 39. Rxf7+ Kh6 40. e7 Re2 41. e8Q Rxe8 42. Ng5 Rh8 43. Rxa7 Ne5 44. Kh4 1-0

[Event "Capablanca Memorial op 45th"]
[Site "Havana"]
[Date "2010.06.14"]
[Round "5"]
[White "Larrua Gonzalez, Fernando Oscar"]
[Black "Zavarce Sayago, Oscar Enrique"]
[Result "1-0"]
[WhiteElo "2310"]
[BlackElo "2124"]
[PlyCount "109"]
[EventDate "2010.06.10"]
[EventType "swiss"]
[EventRounds "10"]
[EventCountry "CUB"]
[SourceTitle "CBM 137 Extra"]
[Source "ChessBase"]
[SourceDate "2010.09.01"]
[SourceVersion "1"]
[SourceVersionDate "2010.09.01"]
[SourceQuality "1"]

1. d4 Nf6 2. Nf3 e6 3. c4 b6 4. g3 Bb7 5. Bg2 c5 6. 0-0 cxd4 7. Nxd4 Bxg2 8. Kxg2 a6 9. Nc3 Qc7 10. Qd3 Nc6 11. Nxc6 Qxc6+ 12. f3 Rc8 13. Be3 Qxc4 14. Qxc4 Rxc4 15. Bxb6 Bb4 16. Rfc1 Ke7 17. Ne4 Rhc8 18. Rxc4 Rxc4 19. Nxf6 gxf6 20. Kf2 d5 21. Rb1 e5 22. a3 Bd2 23. Be3 Bxe3+ 24. Kxe3 a5 25. Kd3 f5 26. b4 axb4 27. axb4 Kd7 28. b5 Kc7 29. b6+ Kb7 30. Rb5 Rd4+ 31. Kc3 f6 32. e3 Rc4+ 33. Kd3 Rc6 34. Rxd5 Kxb6 35. g4 fxg4 36. fxg4 Kc7 37. Ke4 Rc2 38. h4 Rh2 39. h5 Rf2 40. Rd1 h6 41. Rd3 Kc8 42. Rd6 Kc7 43. Ra6 Kd7 44. Kd5 Rd2+ 45. Ke4 Rf2 46. g5 hxg5 47. h6 f5+ 48. Kxe5 f4 49. exf4 gxf4 50. h7 Re2+ 51. Kxf4 Re8 52. Rh6 Rh8 53. Kf5 Ke7 54. Kg6 Kf8 55. Kf6 1-0

[Event "Havana Marcos Cup"]
[Site "Havana"]
[Date "2010.04.20"]
[Round "11"]
[White "Larrua Gonzalez, Fernando Oscar"]
[Black "Figueredo Losada, Leonel"]
[Result "1/2-1/2"]
[WhiteElo "2330"]
[BlackElo "2340"]
[PlyCount "48"]
[EventDate "2010.04.05"]
[EventType "tourn"]
[EventRounds "14"]
[EventCountry "CUB"]
[EventCategory "1"]
[SourceTitle "CBM 136 Extra"]
[Source "ChessBase"]
[SourceDate "2010.07.02"]
[SourceVersion "2"]
[SourceVersionDate "2010.07.15"]
[SourceQuality "1"]

1. e4 c5 2. Nf3 d6 3. Bb5+ Bd7 4. Bxd7+ Qxd7 5. 0-0 Nc6 6. c3 Nf6 7. Re1 e6 8. d4 cxd4 9. cxd4 d5 10. e5 Ne4 11. Nbd2 Nxd2 12. Bxd2 Be7 13. Rc1 0-0 14. Rc3 Rac8 15. a3 Nb8 16. Rd3 Qb5 17. Rb3 Qc6 18. h4 b6 19. Rc3 Qb5 20. Qc2 Rxc3 21. Qxc3 Qc6 22. Qxc6 Nxc6 23. Rc1 Rc8 24. Bg5 h6 1/2-1/2

[Event "Havana Marcos Cup"]
[Site "Havana"]
[Date "2010.04.19"]
[Round "10"]
[White "Mendez Fortes, Eduardo Jesus"]
[Black "Larrua Gonzalez, Fernando Oscar"]
[Result "1/2-1/2"]
[WhiteElo "2310"]
[BlackElo "2330"]
[PlyCount "41"]
[EventDate "2010.04.05"]
[EventType "tourn"]
[EventRounds "14"]
[EventCountry "CUB"]
[EventCategory "1"]
[SourceTitle "CBM 136 Extra"]
[Source "ChessBase"]
[SourceDate "2010.07.02"]
[SourceVersion "2"]
[SourceVersionDate "2010.07.15"]
[SourceQuality "1"]

1. e4 e5 2. Nf3 Nc6 3. Bc4 Bc5 4. d3 Nf6 5. c3 a6 6. Bb3 d6 7. 0-0 Bg4 8. Nbd2 Qd7 9. h3 Bh5 10. Nc4 0-0-0 11. Be3 Bxe3 12. Nxe3 Ne7 13. a4 g5 14. g4 Bg6 15. Nxg5 Nc6 16. f4 h6 17. Nf3 exf4 18. Ng2 h5 19. Nxf4 hxg4 20. Nxg6 fxg6 21. Ng5 1/2-1/2

[Event "Havana Portela Memorial"]
[Site "Havana"]
[Date "2010.03.13"]
[Round "10"]
[White "Larrua Gonzalez, Fernando Oscar"]
[Black "Garcia Pantoja, Roberto"]
[Result "1/2-1/2"]
[WhiteElo "2330"]
[BlackElo "2392"]
[PlyCount "23"]
[EventDate "2010.03.03"]
[EventType "tourn"]
[EventRounds "11"]
[EventCountry "CUB"]
[EventCategory "4"]
[SourceTitle "EXT 2019"]
[Source "ChessBase"]
[SourceDate "2018.10.10"]
[SourceVersion "1"]
[SourceVersionDate "2018.10.10"]
[SourceQuality "1"]

1. d4 Nf6 2. Nf3 e6 3. c4 d5 4. Nc3 c6 5. e3 Nbd7 6. cxd5 exd5 7. Bd3 Bd6 8. 0-0 0-0 9. a3 a5 10. Rb1 Qe7 11. Re1 Ne4 12. Qc2 1/2-1/2

[Event "Havana Portela Memorial"]
[Site "Havana"]
[Date "2010.03.11"]
[Round "8"]
[White "Larrua Gonzalez, Fernando Oscar"]
[Black "Aguero Jimenez, Luis Lazaro"]
[Result "1/2-1/2"]
[WhiteElo "2330"]
[BlackElo "2398"]
[PlyCount "81"]
[EventDate "2010.03.03"]
[EventType "tourn"]
[EventRounds "11"]
[EventCountry "CUB"]
[EventCategory "4"]
[SourceTitle "EXT 2019"]
[Source "ChessBase"]
[SourceDate "2018.10.10"]
[SourceVersion "1"]
[SourceVersionDate "2018.10.10"]
[SourceQuality "1"]

1. d4 Nf6 2. c4 g6 3. Nc3 d5 4. cxd5 Nxd5 5. Bd2 Nb6 6. Nf3 Bg7 7. e3 0-0 8. Be2 Nc6 9. 0-0 e5 10. dxe5 Nxe5 11. Nxe5 Bxe5 12. e4 Be6 13. Be3 Nc4 14. Bxc4 Bxc4 15. Qxd8 Rfxd8 16. Rfd1 Bd3 17. f3 f5 18. Rd2 fxe4 19. Rad1 Bxc3 20. bxc3 Re8 21. fxe4 Bxe4 22. Bh6 Bc6 23. Kf2 Re4 24. Rd4 Rae8 25. Rxe4 Rxe4 26. Rd4 Rxd4 27. cxd4 Bd5 28. a3 Kf7 29. Bf4 c6 30. g3 Ke6 31. Ke3 Bg2 32. h4 Kd5 33. Kd3 b5 34. Bc7 Bf1+ 35. Kc3 Ke4 36. Ba5 Kf3 37. Bc7 a6 38. Bb8 Bh3 39. Bc7 Be6 40. Bb8 Ke4 41. Ba7 1/2-1/2

[Event "Havana Portela Memorial"]
[Site "Havana"]
[Date "2010.03.09"]
[Round "6"]
[White "Larrua Gonzalez, Fernando Oscar"]
[Black "Fernandez Hernandez, Arturo Augusto"]
[Result "1/2-1/2"]
[WhiteElo "2330"]
[BlackElo "2261"]
[PlyCount "148"]
[EventDate "2010.03.03"]
[EventType "tourn"]
[EventRounds "11"]
[EventCountry "CUB"]
[EventCategory "4"]
[SourceTitle "EXT 2019"]
[Source "ChessBase"]
[SourceDate "2018.10.10"]
[SourceVersion "1"]
[SourceVersionDate "2018.10.10"]
[SourceQuality "1"]

1. d4 d5 2. Nf3 Nf6 3. c4 e6 4. Nc3 Be7 5. e3 c6 6. Bd3 dxc4 7. Bxc4 b5 8. Bd3 a6 9. e4 b4 10. Na4 Nbd7 11. Qc2 Bb7 12. Bd2 c5 13. dxc5 Nxc5 14. Nxc5 Bxc5 15. 0-0 Rc8 16. Qa4+ Qd7 17. Qxd7+ Nxd7 18. a3 a5 19. axb4 axb4 20. Bb5 Ke7 21. Bxd7 Kxd7 22. Ne5+ Ke8 23. Rfc1 f6 24. Nd3 Bd4 25. Rxc8+ Bxc8 26. Bxb4 Bb7 27. Bc5 e5 28. Bxd4 exd4 29. Ra7 Bxe4 30. f3 Bd5 31. Nb4 Bg8 32. Nd3 h5 33. b4 h4 34. b5 Rh5 35. b6 Rb5 36. b7 Bc4 37. Ra8+ Kf7 38. b8Q Rxb8 39. Rxb8 Bxd3 40. Rb7+ Kf8 41. Rd7 g5 42. Rxd4 Bf5 43. Rd5 Be6 44. Ra5 Kg7 45. Kf2 Kg6 46. g3 hxg3+ 47. Kxg3 Bd7 48. Ra7 Be6 49. Re7 Bc8 50. Kf2 Bh3 51. Ke3 Bg2 52. Re8 Bh3 53. Rh8 Bd7 54. Rd8 Bc6 55. Rd6 Bb7 56. Rb6 Bc8 57. Ke4 Bh3 58. Rb2 Be6 59. Rf2 Bc8 60. Kd5 Kf5 61. Kd4 Kf4 62. Kd3 f5 63. Kd2 Bb7 64. Ke2 Bc6 65. Kf1 Bxf3 66. Rb2 Bc6 67. Kf2 Kg4 68. Rb3 Bd5 69. Ra3 Bc6 70. Rg3+ Kf4 71. Rc3 Bd5 72. Ra3 Bc6 73. Rb3 Kg4 74. Rg3+ Kf4 1/2-1/2

[Event "Havana Portela Memorial"]
[Site "Havana"]
[Date "2010.03.06"]
[Round "4"]
[White "Larrua Gonzalez, Fernando Oscar"]
[Black "Mendez Fortes, Eduardo Jesus"]
[Result "1/2-1/2"]
[WhiteElo "2330"]
[BlackElo "2310"]
[PlyCount "28"]
[EventDate "2010.03.03"]
[EventType "tourn"]
[EventRounds "11"]
[EventCountry "CUB"]
[EventCategory "4"]
[SourceTitle "EXT 2019"]
[Source "ChessBase"]
[SourceDate "2018.10.10"]
[SourceVersion "1"]
[SourceVersionDate "2018.10.10"]
[SourceQuality "1"]

1. d4 Nf6 2. c4 e6 3. Nf3 b6 4. g3 Bb7 5. Bg2 Be7 6. 0-0 0-0 7. Nc3 Ne4 8. Qc2 Nxc3 9. Qxc3 c5 10. Rd1 d6 11. Bf4 Qc8 12. dxc5 dxc5 13. Bd6 Nc6 14. Bxe7 Nxe7 1/2-1/2

[Event "Havana Portela Memorial"]
[Site "Havana"]
[Date "2010.03.05"]
[Round "3"]
[White "Figueredo Losada, Leonel"]
[Black "Larrua Gonzalez, Fernando Oscar"]
[Result "1/2-1/2"]
[WhiteElo "2340"]
[BlackElo "2330"]
[PlyCount "80"]
[EventDate "2010.03.03"]
[EventType "tourn"]
[EventRounds "11"]
[EventCountry "CUB"]
[EventCategory "4"]
[SourceTitle "EXT 2019"]
[Source "ChessBase"]
[SourceDate "2018.10.10"]
[SourceVersion "1"]
[SourceVersionDate "2018.10.10"]
[SourceQuality "1"]

1. c4 e6 2. Nc3 d5 3. d4 c6 4. Nf3 Nf6 5. e3 Nbd7 6. Bd3 Bd6 7. e4 dxe4 8. Nxe4 Nxe4 9. Bxe4 Nf6 10. Bc2 Bb4+ 11. Ke2 b6 12. a3 Bd6 13. Re1 Qc7 14. Kf1 Ba6 15. b3 Rd8 16. Qe2 c5 17. Bb2 0-0 18. d5 Rfe8 19. Qd3 e5 20. Ng5 g6 21. Kg1 Bc8 22. Qf3 Kg7 23. a4 a5 24. h3 h6 25. Ne4 Nxe4 26. Bxe4 f5 27. Bc2 Kh7 28. Rad1 Rf8 29. Qe2 Rde8 30. Bb1 Qf7 31. Bc3 Re7 32. Qb2 Rfe8 33. Re2 f4 34. f3 Bf5 35. Be4 Bxe4 36. Rxe4 Qf5 37. Qb1 h5 38. Rde1 h4 39. R4e2 Qxb1 40. Rxb1 g5 1/2-1/2

[Event "Havana Provincial-ch final"]
[Site "Havana"]
[Date "2009.10.26"]
[Round "8"]
[White "Figueredo Losada, Leonel"]
[Black "Larrua Gonzalez, Fernando Oscar"]
[Result "1/2-1/2"]
[WhiteElo "2420"]
[BlackElo "2255"]
[PlyCount "31"]
[EventDate "2009.10.16"]
[EventType "tourn"]
[EventRounds "17"]
[EventCountry "CUB"]
[SourceTitle "CBM 133 Extra"]
[Source "ChessBase"]
[SourceDate "2010.01.05"]
[SourceVersion "1"]
[SourceVersionDate "2010.01.05"]
[SourceQuality "1"]

1. d4 d5 2. Nf3 Nf6 3. c4 c6 4. e3 e6 5. Bd3 Nbd7 6. Qc2 Bd6 7. 0-0 0-0 8. Nbd2 e5 9. cxd5 cxd5 10. dxe5 Nxe5 11. Nxe5 Bxe5 12. Nf3 Bd6 13. Bf5 Qe7 14. Bd2 Be6 15. Nd4 Rac8 16. Qd3 1/2-1/2